Religion, Society and the Individual. (Record no. 8334)

MARC details
000 -LEADER
fixed length control field 00612nam a2200241 a 4500
020 ## - INTERNATIONAL STANDARD BOOK NUMBER
ISBN
082 00 - DEWEY DECIMAL CLASSIFICATION NUMBER
Classification number 200.1
Author Cutter YIN
100 ## - MAIN ENTRY--AUTHOR NAME
Author name Yinger J, Milton
245 ## - TITLE STATEMENT
Title Religion, Society and the Individual.
260 ## - PUBLICATION, DISTRIBUTION, ETC. (IMPRINT)
Place of publication New York
Name of publisher Macmillan Company
Year of publication 1968
300 ## - PHYSICAL DESCRIPTION
Number of Pages 655p
500 ## - GENERAL NOTE
General note includes index and biblioraphy
505 2# - FORMATTED CONTENTS NOTE
Formatted contents note Bibliography, Subject Index.
650 ## - SUBJECT ADDED ENTRY--TOPICAL TERM
Topical Term Religion-Sociology
942 ## - ADDED ENTRY ELEMENTS (KOHA)
Koha item type Books
700 1# -
-- Yinger J, Milton
Holdings
Home library Current library Date acquired Cost, normal purchase price Full call number Accession Number Koha item type
Henry Martyn Institute Library Henry Martyn Institute Library 02/25/2009 100.00 200.1 YIN 011047 E-Books
                   Copyright © 2026 | Henry Martyn Institute | Hyderabad | TS-500052 | INDIA | Implemented by hmi.edu.in
Hit-Count:

Powered by Koha